[Event "XVII Open Ricciardi"]
[Site "Gallarate ITA"]
[Date "2013.06.25"]
[Round "5"]
[White "Deon, Danilo"]
[Black "Virgilio, Gianluca"]
[WhiteElo "1425"]
[BlackElo "1795"]
[Result "0-1"]
[PlyCount "116"]
[EventDate "2013.05.28"]

1. e4 c5 2. Nc3 Nc6 3. g3 g6 4. d3 Bg7 5. Bg2 d6 6. Be3 Nh6 7. h3 f5 8. Qd2 Nf7
9. f4 O-O 10. h4 Nh6 11. h5 Ng4 12. hxg6 h6 13. Nf3 Nd4 14. Nd1 Nxf3+ 15. Bxf3
Qe8 16. exf5 Bxf5 17. Bxb7 Rb8 18. Qg2 Bxg6 19. O-O e6 20. a4 Nxe3 21. Nxe3
Bxb2 22. Rab1 Bd4 23. Qd2 Qxa4 24. c3 Qa5 25. Rfc1 Rf7 26. Kg2 Rfxb7 27. Rxb7
Rxb7 28. Nc4 Bxc3 29. Qxc3 Qxc3 30. Rxc3 Rd7 31. Kf2 Kg7 32. Ke3 Kf6 33. Ra3 h5
34. Ra6 Ke7 35. d4 cxd4+ 36. Kxd4 Bc2 37. Kc3 Bd1 38. Ra5 Rc7 39. Kd2 Bf3 40.
Ke3 Bd5 41. Nd2 Kd7 42. f5 Ke7 43. fxe6 Kxe6 44. Kf4 Rc2 45. Ke3 Ra2 46. Rb5 a6
47. Rb8 Ra3+ 48. Kf2 Rd3 49. Nf1 Rf3+ 50. Ke2 Rb3 51. Rxb3 Bxb3 52. Ke3 a5 53.
Nd2 a4 54. Nb1 Ke5 55. Na3 d5 56. Kf2 Ke4 57. Nb5 d4 58. Ke2 Bc4+ 0-1

[Event "XVII Open Ricciardi"]
[Site "Gallarate ITA"]
[Date "2013.07.02"]
[Round "6"]
[White "Collaro, Paolo"]
[Black "Brioschi, Camillo"]
[WhiteElo "1669"]
[BlackElo "1756"]
[Result "1/2-1/2"]
[PlyCount "35"]
[EventDate "2013.05.28"]

1. e4 e5 2. Bc4 Nf6 3. d3 Nc6 4. Nc3 Na5 5. Qf3 Nxc4 6. dxc4 d6 7. Nge2 Be7 8.
O-O O-O 9. Re1 Be6 10. b3 Qd7 11. Nd5 Nxd5 12. cxd5 Bg4 13. Qg3 Bh5 14. Bb2 Bg6
15. f4 Bxe4 16. fxe5 dxe5 17. Bxe5 Bg6 18. Nf4 1/2-1/2

[Event "XVII Open Ricciardi"]
[Site "Gallarate ITA"]
[Date "2013.07.02"]
[Round "6"]
[White "Colusso, Ermes"]
[Black "Santarelli, Sabatino"]
[WhiteElo "1752"]
[BlackElo "1621"]
[Result "0-1"]
[PlyCount "106"]
[EventDate "2013.05.28"]

1. e4 c5 2. Nf3 Nc6 3. d4 cxd4 4. Nxd4 a6 5. Nc3 e6 6. a3 Qb6 7. Nb3 Nf6 8. Be3
Qc7 9. f3 Be7 10. Qd2 O-O 11. O-O-O b5 12. Bc5 Bxc5 13. Nxc5 b4 14. Nb1 bxa3
15. Nxa3 d5 16. exd5 Nxd5 17. Bc4 Rd8 18. Bxd5 Rxd5 19. Qc3 Ne7 20. Rxd5 Nxd5
21. Qd4 Bb7 22. Rd1 h6 23. c4 Rc8 24. Nxb7 Qxb7 25. Kb1 Nb6 26. Rc1 Qc6 27. b3
Nd5 28. Qd2 Nb6 29. Ka2 Nd7 30. Rd1 Nc5 31. Qa5 Qb7 32. b4 Nd7 33. c5 Ne5 34.
Rd6 Nc6 35. Qb6 Nxb4+ 36. Kb3 Qxb6 37. cxb6 Nd5 38. Nc4 Rb8 39. Ka4 Kf8 40. Ka5
Ke7 41. Kxa6 Nb4+ 42. Ka7 Rd8 43. b7 Rxd6 44. Nxd6 Nc6+ 45. Ka8 Kxd6 46. b8=Q+
Nxb8 47. Kxb8 Ke5 48. Kc7 h5 49. Kd7 g5 50. Ke7 f5 51. Kf7 g4 52. Kg6 gxf3 53.
gxf3 Kf4 0-1

[Event "XVII Open Ricciardi"]
[Site "Gallarate ITA"]
[Date "2013.07.02"]
[Round "6"]
[White "Cunati, Valerio"]
[Black "Bardelli, Alberto"]
[WhiteElo "1703"]
[BlackElo "1875"]
[Result "0-1"]
[PlyCount "104"]
[EventDate "2013.05.28"]

1. c3 d5 2. d4 Nf6 3. Nf3 g6 4. Bg5 Ne4 5. Nbd2 Nxg5 6. Nxg5 e5 7. Ngf3 exd4 8.
Qa4+ Nd7 9. Qxd4 Qf6 10. Qxd5 Bg7 11. Qe4+ Kf8 12. e3 Qb6 13. Qd5 Nf6 14. Qd8+
Ne8 15. Nc4 Qc5 16. Rd1 Bf6 17. Qd2 Be6 18. b4 Qc6 19. Nd4 Qe4 20. Nxe6+ Qxe6
21. Be2 Rd8 22. Bd3 Nd6 23. Nxd6 Rxd6 24. O-O Kg7 25. c4 Rhd8 26. Qe2 Bc3 27.
h4 Bxb4 28. Qb2+ Qf6 29. Qxb4 Rxd3 30. Rxd3 Rxd3 31. Qxb7 Qxh4 32. Qxc7 Rc3 33.
Qe5+ Qf6 34. Qb5 Qe6 35. Qb2 Qe5 36. Ra1 Rxe3 37. Qxe5+ Rxe5 38. c5 Re7 39. Kf1
Kf6 40. Rd1 Rc7 41. Rd6+ Ke5 42. g3 a5 43. f4+ Kf5 44. c6 Ke4 45. Kf2 h5 46.
Rf6 Kd5 47. Ke3 Rxc6 48. Rxc6 Kxc6 49. Kd4 f6 50. Ke4 Kc5 51. f5 g5 52. a4 Kc4
0-1

[Event "XVII Open Ricciardi"]
[Site "Gallarate ITA"]
[Date "2013.07.02"]
[Round "6"]
[White "Virgilio, Gianluca"]
[Black "Milu, Tatiana"]
[WhiteElo "1795"]
[BlackElo "1653"]
[Result "1/2-1/2"]
[PlyCount "119"]
[EventDate "2013.05.28"]

1. d4 d5 2. Nf3 c6 3. e3 Bg4 4. Bd3 Nf6 5. Nbd2 Nbd7 6. h3 Bh5 7. c3 e5 8. e4
exd4 9. cxd4 dxe4 10. Nxe4 Nxe4 11. Bxe4 Nf6 12. Bd3 Bb4+ 13. Bd2 Bxd2+ 14.
Qxd2 Bxf3 15. gxf3 Qe7+ 16. Kf1 O-O-O 17. Bf5+ Kb8 18. Qf4+ Qd6 19. Qxd6+ Rxd6
20. Kg2 g6 21. Bc2 Rxd4 22. Rad1 Rhd8 23. Bb3 R4d7 24. Kg3 h6 25. h4 Kc7 26.
Rhe1 Nh5+ 27. Kg4 f5+ 28. Kh3 Nf4+ 29. Kg3 Nh5+ 30. Kg2 c5 31. Kf1 Rxd1 32.
Rxd1 Rxd1+ 33. Bxd1 Nf4 34. Bb3 b5 35. Bf7 a5 36. b3 Kd6 37. Be8 b4 38. Kg1 Kd5
39. Kh2 g5 40. hxg5 hxg5 41. Bb5 Kd4 42. Bd7 Nd3 43. Bxf5 Nxf2 44. Kg3 Nd1 45.
Kg4 Nc3 46. Kxg5 Nxa2 47. f4 Kd5 48. Bd3 Ke6 49. Kg6 Ke7 50. Kg7 Nc3 51. f5 Nd5
52. Be4 Nf6 53. Bf3 Ne8+ 54. Kg6 Kf8 55. Bd5 Nd6 56. Kf6 Nb5 57. Ke5 Nc3 58.
Bc4 a4 59. bxa4 Nxa4 60. Kd5 1/2-1/2

[Event "Open SSM Luglio"]
[Site "Milano ITA"]
[Date "2013.07.04"]
[Round "1"]
[White "Astengo, Corrado"]
[Black "Margstahler, Francesco"]
[WhiteElo "2114"]
[BlackElo "1770"]
[Result "1-0"]
[PlyCount "37"]
[EventDate "2013.07.04"]

1. e4 c6 2. d4 d5 3. exd5 cxd5 4. c4 Nf6 5. Nc3 e6 6. Nf3 Be7 7. Bd3 dxc4 8.
Bxc4 O-O 9. O-O Nc6 10. a3 b6 11. Re1 Na5 12. Ba2 Bb7 13. Ne5 Nd5 14. Bd2 Bf6
15. Ne4 Nc6 16. Bxd5 Qxd5 17. Nxf6+ gxf6 18. Qg4+ Kh8 19. Bh6 1-0

[Event "Open SSM Luglio"]
[Site "Milano ITA"]
[Date "2013.07.04"]
[Round "1"]
[White "Bonghi, Fabrizio"]
[Black "Ganci, Stefano"]
[WhiteElo "1537"]
[BlackElo "1947"]
[Result "0-1"]
[PlyCount "50"]
[EventDate "2013.07.04"]

1. d4 b6 2. c4 Bb7 3. d5 e6 4. dxe6 fxe6 5. Nf3 Nf6 6. Bg5 Bb4+ 7. Nbd2 O-O 8.
e3 Qe8 9. Be2 Ne4 10. Bf4 d6 11. O-O Bxd2 12. Nxd2 Nxd2 13. Qxd2 Qg6 14. f3 e5
15. Bd3 Qh5 16. Bg3 Nd7 17. f4 e4 18. Be2 Qg6 19. Qd1 Nc5 20. Bh5 Qe6 21. b3
Nd3 22. f5 Rxf5 23. Qg4 Raf8 24. Bf4 Bc8 25. Qg3 Rxh5 0-1

[Event "Open SSM Luglio"]
[Site "Milano ITA"]
[Date "2013.07.04"]
[Round "1"]
[White "Bracco, Valter"]
[Black "Malescusi, Luciano"]
[WhiteElo "1446"]
[BlackElo "1909"]
[Result "0-1"]
[PlyCount "64"]
[EventDate "2013.07.04"]

1. d4 Nf6 2. c4 e6 3. a3 c5 4. e3 d5 5. Nf3 Nc6 6. cxd5 exd5 7. Be2 Be7 8. O-O
O-O 9. Nc3 Ne4 10. Nd2 Nxd2 11. Qxd2 cxd4 12. exd4 Bf6 13. Qd1 Nxd4 14. Bf3
Nxf3+ 15. Qxf3 Be6 16. Bf4 Qd7 17. Rad1 Rfd8 18. b4 Rac8 19. Rc1 Rxc3 20. Rxc3
Bxc3 21. Qxc3 d4 22. Qd2 d3 23. Rc1 Bf5 24. Rc7 Qa4 25. Rc3 Bg6 26. f3 h5 27.
Be3 Re8 28. Rc7 Qxa3 29. Rxb7 Qa1+ 30. Kf2 a6 31. Ra7 Rc8 32. b5 Rc2 0-1

[Event "Open SSM Luglio"]
[Site "Milano ITA"]
[Date "2013.07.04"]
[Round "1"]
[White "Brociner, Beniamino"]
[Black "Ruggeri, Igor"]
[WhiteElo "2026"]
[BlackElo "1592"]
[Result "1-0"]
[PlyCount "73"]
[EventDate "2013.07.04"]

1. Nf3 Nf6 2. c4 e6 3. g3 d5 4. Bg2 Be7 5. O-O O-O 6. d4 c5 7. cxd5 cxd4 8.
dxe6 Bxe6 9. Nxd4 Bd5 10. Nc3 Bxg2 11. Kxg2 Na6 12. Nf5 Bb4 13. Qxd8 Raxd8 14.
Bg5 Bxc3 15. bxc3 Rd7 16. Bxf6 gxf6 17. Rfd1 Rfd8 18. Rd4 Nc5 19. Rad1 Rxd4 20.
cxd4 Kf8 21. Rb1 Ne6 22. Rxb7 Nxd4 23. Nxd4 Rxd4 24. Rxa7 Re4 25. Kf3 f5 26. a4
Kg7 27. a5 Ra4 28. a6 Kg6 29. h4 Kf6 30. Ra8 Ra5 31. a7 Ra4 32. Ke3 Ra2 33. Kd3
Ra3+ 34. Kc4 Ra2 35. Kb5 Rxe2 36. Rd8 Re5+ 37. Kc4 1-0

[Event "Open SSM Luglio"]
[Site "Milano ITA"]
[Date "2013.07.04"]
[Round "1"]
[White "Carbone, Lorenzo"]
[Black "Tirelli, Mauro"]
[WhiteElo "1576"]
[BlackElo "2021"]
[Result "0-1"]
[PlyCount "88"]
[EventDate "2013.07.04"]

1. e4 b6 2. d4 Bb7 3. Nc3 e6 4. a3 g6 5. Nf3 Bg7 6. Be2 d6 7. O-O Ne7 8. Be3
Nd7 9. Qd2 h6 10. h3 a6 11. Rad1 Nf6 12. Bd3 g5 13. Nh2 e5 14. d5 Ng6 15. Rfe1
Bc8 16. Be2 O-O 17. Ng4 Nf4 18. Nxf6+ Qxf6 19. Bg4 Qg6 20. Kh2 f5 21. exf5 Bxf5
22. Bxf5 Qxf5 23. Ne2 Rf7 24. g4 Qh7 25. Ng3 h5 26. gxh5 Raf8 27. Rf1 Nxh5 28.
Nxh5 Qxh5 29. Rg1 Rf3 30. Rg3 e4 31. Kg2 g4 32. hxg4 Rxg3+ 33. fxg3 Qxg4 34.
Bf4 Rxf4 35. Qxf4 Qxd1 36. Qxe4 Qd2+ 37. Kf1 Qd1+ 38. Kg2 Qh5 39. g4 Qe5 40.
Qc4 b5 41. Qxc7 Qxd5+ 42. Kh3 Qf3+ 43. Kh4 Bf6+ 44. Kh5 Qd5+ 0-1

[Event "Open SSM Luglio"]
[Site "Milano ITA"]
[Date "2013.07.04"]
[Round "1"]
[White "Casati, Ivan Mario"]
[Black "Bisignano, Giuseppe"]
[WhiteElo "1401"]
[BlackElo "1888"]
[Result "0-1"]
[PlyCount "30"]
[EventDate "2013.07.04"]

1. d4 Nf6 2. c4 c5 3. Nf3 cxd4 4. Nxd4 Nc6 5. Bg5 d6 6. e3 Qa5+ 7. Nc3 Qxg5 8.
Qa4 Bd7 9. Qb3 Rb8 10. O-O-O Nxd4 11. Rxd4 g6 12. Kb1 Bg7 13. h4 Qf5+ 14. Ka1
Qxf2 15. Nd1 Qe1 0-1

[Event "Open SSM Luglio"]
[Site "Milano ITA"]
[Date "2013.07.04"]
[Round "1"]
[White "Colica, Daniele"]
[Black "Bemporad, Filippo"]
[WhiteElo "1629"]
[BlackElo "2029"]
[Result "1/2-1/2"]
[PlyCount "85"]
[EventDate "2013.07.04"]

1. Nf3 d5 2. b3 c5 3. e3 Nf6 4. Bb2 g6 5. Bb5+ Bd7 6. Qe2 Bg7 7. O-O O-O 8.
Bxd7 Qxd7 9. Ne5 Qc7 10. f4 Nc6 11. Nxc6 Qxc6 12. d3 Rac8 13. Nd2 Rfd8 14. c4
e6 15. Be5 dxc4 16. dxc4 Ne4 17. Nxe4 Bxe5 18. fxe5 Qxe4 19. Qf3 Qxf3 20. gxf3
Rd3 21. Rae1 Rcd8 22. Rf2 Rc3 23. Rfe2 Rdd3 24. Kf2 Kf8 25. f4 Ke7 26. Kf3 Kd7
27. Kg4 h6 28. e4 Ke7 29. f5 exf5+ 30. exf5 Rd4+ 31. Re4 Rcd3 32. e6 gxf5+ 33.
Kxf5 Rxe4 34. Rxe4 Rf3+ 35. Kg4 Rf2 36. exf7+ Kxf7 37. Rf4+ Rxf4+ 38. Kxf4 Kf6
39. h3 Kg6 40. Kg4 Kf6 41. Kf4 Kg6 42. Kg4 Kf6 43. Kf4 1/2-1/2

[Event "Open SSM Luglio"]
[Site "Milano ITA"]
[Date "2013.07.04"]
[Round "1"]
[White "Delle Fave, Fabio"]
[Black "Cazzaniga, Walter"]
[WhiteElo "1770"]
[BlackElo "2156"]
[Result "0-1"]
[PlyCount "46"]
[EventDate "2013.07.04"]

1. e4 e6 2. d4 d5 3. exd5 exd5 4. Bd3 Nc6 5. Be3 Bd6 6. c3 Nge7 7. Qc2 Be6 8.
Nf3 Qd7 9. Nbd2 h6 10. b4 Nf5 11. Nf1 O-O 12. h3 Nxe3 13. Nxe3 f5 14. Nh4 Ne7
15. Qe2 f4 16. Ng4 Rae8 17. O-O f3 18. Nxf3 Bxg4 19. hxg4 Qxg4 20. Rfe1 Ng6 21.
Qd1 Nf4 22. g3 Rxe1+ 23. Nxe1 Nh3+ 0-1

[Event "Open SSM Luglio"]
[Site "Milano ITA"]
[Date "2013.07.04"]
[Round "1"]
[White "Falchi, Claudio"]
[Black "Puppi, Simone"]
[WhiteElo "1953"]
[BlackElo "1540"]
[Result "1-0"]
[PlyCount "55"]
[EventDate "2013.07.04"]

1. e4 c5 2. Nf3 Nc6 3. Bb5 g6 4. Bxc6 dxc6 5. O-O Bg7 6. Nc3 Nf6 7. d3 Ng4 8.
h3 Ne5 9. Nxe5 Bxe5 10. f4 Bd4+ 11. Kh1 O-O 12. f5 e6 13. Bh6 Re8 14. fxg6 hxg6
15. Qf3 f5 16. Qg3 Kh7 17. Bg5 Bf6 18. Be3 b6 19. a4 a5 20. exf5 gxf5 21. Qf3
f4 22. Qxc6 fxe3 23. Qxa8 e2 24. Nxe2 Qd7 25. Qf3 Rf8 26. Ng3 Bb7 27. Ne4 Kg7
28. Nxf6 1-0

[Event "Open SSM Luglio"]
[Site "Milano ITA"]
[Date "2013.07.04"]
[Round "1"]
[White "Gagliardi, Christian"]
[Black "Colombo, Luca"]
[WhiteElo "2215"]
[BlackElo "1874"]
[Result "1-0"]
[PlyCount "119"]
[EventDate "2013.07.04"]

1. d4 Nf6 2. Bf4 d6 3. e3 g6 4. Nf3 Bg7 5. Be2 O-O 6. O-O b6 7. h3 Bb7 8. Nbd2
Nbd7 9. c3 c5 10. Re1 Rc8 11. a4 Re8 12. Bh2 e5 13. dxe5 dxe5 14. Nc4 Ne4 15.
Qb3 Qc7 16. a5 Nd6 17. axb6 axb6 18. Red1 Nxc4 19. Bxc4 Re7 20. Bd5 Bxd5 21.
Qxd5 Nf6 22. Qd6 Ne8 23. Qxc7 Nxc7 24. Rd6 b5 25. Rc6 c4 26. Ra7 f6 27. g4 Kf7
28. g5 Nd5 29. Rxe7+ Nxe7 30. Rxc8 Nxc8 31. gxf6 Bxf6 32. Bxe5 Bxe5 33. Nxe5+
Ke6 34. Nf3 Kd5 35. Kf1 Nb6 36. Ke2 Na4 37. Ng5 h6 38. Nf7 h5 39. Nh8 Nxb2 40.
Nxg6 Ke4 41. f3+ Kf5 42. Nh4+ Kg5 43. Ng2 Nd3 44. h4+ Kf5 45. e4+ Ke5 46. Ke3
Nc1 47. Nf4 Na2 48. Ne2 b4 49. f4+ Kf6 50. cxb4 Nxb4 51. Kd4 Nc2+ 52. Kxc4 Ne3+
53. Kc5 Ng2 54. Kd6 Nxh4 55. Ng3 Nf3 56. Nxh5+ Kf7 57. f5 Nd4 58. Kd5 Nc2 59.
e5 Ne3+ 60. Ke4 1-0

[Event "Open SSM Luglio"]
[Site "Milano ITA"]
[Date "2013.07.04"]
[Round "1"]
[White "Giancotti, Eraldo"]
[Black "Casamassima, Paolo"]
[WhiteElo "2069"]
[BlackElo "1666"]
[Result "0-1"]
[PlyCount "127"]
[EventDate "2013.07.04"]

1. d4 Nf6 2. Nc3 d5 3. e4 dxe4 4. f3 Bf5 5. Bg5 Nbd7 6. g4 Bg6 7. Bg2 exf3 8.
Bxf3 c6 9. Qd2 Qa5 10. Nge2 h6 11. Be3 e6 12. Nf4 Bh7 13. O-O-O Bb4 14. a3 Bxc3
15. Qxc3 Qxc3 16. bxc3 Nb6 17. Be2 Ne4 18. Bd3 Nxc3 19. Rde1 Bxd3 20. Nxd3 Rd8
21. Kb2 Nb5 22. Nc5 Nc4+ 23. Kb1 Nbxa3+ 24. Kc1 b6 25. Nb3 a5 26. c3 Rd5 27.
Bf4 Rb5 28. Nd2 Nxd2 29. Kxd2 Rd5 30. Kd3 b5 31. Be5 O-O 32. h4 Nc4 33. Bg3 c5
34. g5 hxg5 35. hxg5 Rxg5 36. Bh4 Rh5 37. Be7 Rxh1 38. Rxh1 Rc8 39. Bxc5 f6 40.
Ba7 Rc7 41. Bb8 Rb7 42. Bf4 a4 43. Ke4 b4 44. cxb4 Rxb4 45. Ra1 Nb6 46. Bd6 f5+
47. Kd3 Rb3+ 48. Kc2 Rf3 49. Bc5 Rf2+ 50. Kd3 Nd5 51. Rxa4 Rf3+ 52. Kd2 g5 53.
Ra6 Kf7 54. Ra7+ Kf6 55. Bd6 g4 56. Be5+ Kg6 57. Rg7+ Kh6 58. Kd1 Ne3+ 59. Ke2
Nc4 60. Re7 Nxe5 61. dxe5 Rf4 62. Rxe6+ Kg5 63. Re8 Re4+ 64. Kf2 0-1

[Event "Open SSM Luglio"]
[Site "Milano ITA"]
[Date "2013.07.04"]
[Round "1"]
[White "Gonella, Daniele"]
[Black "Beccari, Paolo"]
[WhiteElo "2162"]
[BlackElo "1795"]
[Result "1-0"]
[PlyCount "49"]
[EventDate "2013.07.04"]

1. e4 c5 2. Nf3 Nc6 3. c3 d6 4. d4 e6 5. Be3 Nf6 6. Bd3 Be7 7. O-O Qc7 8. Nbd2
O-O 9. Qe2 e5 10. d5 Nb8 11. Ne1 Ng4 12. f4 Nxe3 13. Qxe3 exf4 14. Qxf4 Nd7 15.
Nef3 Ne5 16. Nxe5 dxe5 17. Qg3 Qb6 18. Nc4 Qc7 19. Qxe5 Qxe5 20. Nxe5 f6 21. d6
fxe5 22. Bc4+ Be6 23. Bxe6+ Kh8 24. dxe7 Rfe8 25. Rf7 1-0

[Event "Open SSM Luglio"]
[Site "Milano ITA"]
[Date "2013.07.04"]
[Round "1"]
[White "Orlando, Luigi"]
[Black "Guttarolo, Giovanni"]
[WhiteElo "1891"]
[BlackElo "1402"]
[Result "1-0"]
[PlyCount "35"]
[EventDate "2013.07.04"]

1. Nf3 Nf6 2. g3 g6 3. Bg2 Bg7 4. O-O O-O 5. d3 d5 6. Nbd2 d4 7. b3 c5 8. a4
Nc6 9. Ba3 b6 10. Ne5 Bd7 11. Nxc6 Bxc6 12. Bxc6 Rc8 13. Bg2 Re8 14. Bb2 a6 15.
e4 dxe3 16. fxe3 Bh6 17. Qf3 Nd7 18. Qxf7# 1-0

[Event "Open SSM Luglio"]
[Site "Milano ITA"]
[Date "2013.07.04"]
[Round "1"]
[White "Papale, Carmelo"]
[Black "Montani, Francesco"]
[WhiteElo "1849"]
[BlackElo "2195"]
[Result "1-0"]
[PlyCount "55"]
[EventDate "2013.07.04"]

1. e4 c5 2. Nf3 e6 3. d3 Nc6 4. g3 d5 5. Nbd2 Bd6 6. Bg2 Nge7 7. O-O Qc7 8. Re1
Bd7 9. Qe2 f6 10. c3 O-O-O 11. a3 h5 12. d4 cxd4 13. cxd4 h4 14. e5 fxe5 15.
dxe5 Bc5 16. Nb3 Bb6 17. Bg5 hxg3 18. hxg3 Rdf8 19. Rac1 Nf5 20. Nc5 Kb8 21. b4
Bc8 22. Qd3 Qf7 23. Rc2 Qh5 24. Rec1 Nxe5 25. Bf4 Bc7 26. Nxe5 Nxg3 27. Qxg3
Rxf4 28. Ncd7+ 1-0

[Event "Open SSM Luglio"]
[Site "Milano ITA"]
[Date "2013.07.04"]
[Round "1"]
[White "Pelizzola, Danilo"]
[Black "Alati, Alberto"]
[WhiteElo "2082"]
[BlackElo "1736"]
[Result "1-0"]
[PlyCount "103"]
[EventDate "2013.07.04"]

1. e4 d6 2. Nf3 Nf6 3. Nc3 g6 4. d4 Bg7 5. Bd3 O-O 6. O-O Nbd7 7. Re1 c5 8. e5
Ng4 9. exd6 exd6 10. Bf4 cxd4 11. Nb5 Nde5 12. Bf1 a6 13. Nbxd4 Nxf3+ 14. Nxf3
Bxb2 15. Bxd6 Bxa1 16. Bxf8 Qxd1 17. Rxd1 Kxf8 18. Rxa1 Bf5 19. Nd4 Bd7 20. Rb1
b5 21. c4 bxc4 22. Bxc4 Ne5 23. Be2 a5 24. Rb7 Rd8 25. f4 Bg4 26. Nc6 Nxc6 27.
Bxg4 Rd2 28. a4 Rd4 29. Bd7 Nd8 30. Ra7 Rxf4 31. Rxa5 Rd4 32. Ra7 Rd6 33. Bb5
Kg7 34. a5 Ne6 35. Rd7 Rxd7 36. Bxd7 Nc5 37. Bc8 Kf6 38. a6 Nxa6 39. Bxa6 Ke5
40. Kf2 f6 41. Ke3 g5 42. Be2 f5 43. Bd3 f4+ 44. Kf3 h5 45. h3 Kf6 46. Ke4 Ke6
47. Be2 h4 48. Bf3 Kf6 49. Bg4 Ke7 50. Kf5 Kd6 51. Kxg5 Ke5 52. Bf3 1-0

[Event "Open SSM Luglio"]
[Site "Milano ITA"]
[Date "2013.07.04"]
[Round "1"]
[White "Pollio, Ciro"]
[Black "Gori, Andrea"]
[WhiteElo "1736"]
[BlackElo "2075"]
[Result "1-0"]
[PlyCount "57"]
[EventDate "2013.07.04"]

1. d4 Nf6 2. c4 e5 3. dxe5 Ng4 4. e3 Nxe5 5. f4 Ng6 6. Nf3 Bc5 7. Bd3 Qf6 8.
Nc3 Na6 9. a3 d6 10. Nd5 Qd8 11. b4 Bb6 12. Bb2 O-O 13. O-O c6 14. Nxb6 Qxb6
15. Bd4 c5 16. bxc5 Nxc5 17. f5 Ne5 18. Nxe5 dxe5 19. Bxe5 Nb3 20. Rf3 Nxa1 21.
Rg3 f6 22. Bxa1 Qa5 23. Qg4 Qe1+ 24. Bf1 g5 25. Bxf6 h6 26. Qd4 Bxf5 27. Qd5+
Rf7 28. Qxf5 Kf8 29. Rf3 1-0

[Event "Open SSM Luglio"]
[Site "Milano ITA"]
[Date "2013.07.04"]
[Round "1"]
[White "Spelta, Andrea"]
[Black "Bonazzi, Edoardo"]
[WhiteElo "1762"]
[BlackElo "2082"]
[Result "1/2-1/2"]
[PlyCount "28"]
[EventDate "2013.07.04"]

1. Nf3 Nf6 2. g3 c5 3. Bg2 Nc6 4. O-O g6 5. d3 Bg7 6. e4 O-O 7. c3 d6 8. Na3
Bg4 9. h3 Bxf3 10. Bxf3 Rb8 11. Nc2 b5 12. d4 cxd4 13. cxd4 Nd7 14. Be3 Nb6
1/2-1/2

[Event "Open SSM Luglio"]
[Site "Milano ITA"]
[Date "2013.07.04"]
[Round "1"]
[White "Tarelli, Daniele"]
[Black "Madaschi, Sergio"]
[WhiteElo "1943"]
[BlackElo "1519"]
[Result "1-0"]
[PlyCount "63"]
[EventDate "2013.07.04"]

1. e4 c6 2. Nf3 d5 3. Nc3 dxe4 4. Nxe4 Bf5 5. Ng3 Bg6 6. Ne5 Nd7 7. Nxg6 hxg6
8. d4 Ngf6 9. Bd3 Qa5+ 10. c3 Qb6 11. Qe2 e6 12. Be3 Nd5 13. O-O Nxe3 14. fxe3
Nf6 15. a4 Bd6 16. b4 Qc7 17. Qf3 O-O-O 18. b5 Rdf8 19. bxc6 bxc6 20. Rab1 Rh6
21. Ba6+ Kd8 22. Rb7 Qa5 23. Qxc6 Qd5 24. Qxd5 exd5 25. Rxa7 Rfh8 26. Ra8+ Ke7
27. Rxh8 Rxh8 28. c4 Ng4 29. c5 Bc7 30. h3 Nxe3 31. Re1 Bf4 32. Nf1 1-0

[Event "Open SSM Luglio"]
[Site "Milano ITA"]
[Date "2013.07.05"]
[Round "2"]
[White "Alati, Alberto"]
[Black "Casati, Ivan Mario"]
[WhiteElo "1736"]
[BlackElo "1401"]
[Result "1-0"]
[PlyCount "44"]
[EventDate "2013.07.04"]

1. c4 Nf6 2. g3 d6 3. Nc3 c6 4. Bg2 g6 5. Nf3 Bg7 6. O-O Nbd7 7. d4 O-O 8. Bf4
Re8 9. d5 c5 10. Rb1 b6 11. Re1 Bb7 12. e4 e5 13. dxe6 Rxe6 14. Bh3 Bxe4 15.
Bxe6 Bxb1 16. Bxd7 Qxd7 17. Qxb1 Rd8 18. Rd1 d5 19. Nxd5 Nxd5 20. Rxd5 Qe7 21.
Rxd8+ Qxd8 22. b3 g5 1-0

[Event "Open SSM Luglio"]
[Site "Milano ITA"]
[Date "2013.07.05"]
[Round "2"]
[White "Bemporad, Filippo"]
[Black "Spelta, Andrea"]
[WhiteElo "2029"]
[BlackElo "1762"]
[Result "1/2-1/2"]
[PlyCount "156"]
[EventDate "2013.07.04"]

1. d4 Nf6 2. Nf3 g6 3. c4 Bg7 4. Nc3 O-O 5. e4 d6 6. Be2 e5 7. O-O Nc6 8. d5
Ne7 9. Ne1 Ne8 10. Nd3 f5 11. Bd2 Nf6 12. f3 f4 13. g4 g5 14. Be1 Ng6 15. Kg2
Nh4+ 16. Bxh4 gxh4 17. Qe1 Ne8 18. h3 Qg5 19. Rh1 Bf6 20. c5 Bd8 21. b4 Ng7 22.
Kh2 Rf6 23. Rb1 Rg6 24. Rg1 Qe7 25. Rc1 Ne8 26. Rc2 h5 27. Nd1 hxg4 28. fxg4
Bd7 29. Bf3 Bb5 30. N1f2 Qg5 31. Nb2 Bd7 32. Nc4 Bb5 33. Nb2 Bd7 34. a4 Be7 35.
Qa1 a5 36. c6 bxc6 37. dxc6 Be6 38. b5 Rd8 39. Rd2 Nf6 40. Qd1 Rb8 41. Qc2 Rd8
42. Qd1 Rb8 43. Rd3 Kh8 44. Qd2 Ra8 45. Qc3 Ne8 46. Nc4 Bxc4 47. Qxc4 Qf6 48.
Rb3 Qe6 49. Qxe6 Rxe6 50. Rc1 Bd8 51. Rbc3 Rb8 52. Rd3 Nf6 53. Rd2 Nh7 54. Nd1
Nf8 55. Nc3 Ng6 56. Nd5 Ne7 57. Nc3 Nc8 58. Rg1 Bg5 59. Nd5 Bd8 60. g5 Nb6 61.
Nxb6 Rxb6 62. Rdg2 Kg7 63. Bg4 Re8 64. Bf5 Rh8 65. Rg4 Be7 66. Kg2 Rbb8 67. Kf3
Rbd8 68. R4g2 Rb8 69. Kg4 Rb6 70. Rd2 Kf7 71. Bd7 Rbb8 72. Rb2 Rb6 73. Kf5 Rf8
74. Be6+ Kg7+ 75. Kg4 Rh8 76. Rd1 Kg6 77. Rdd2 Rbb8 78. Bf5+ Kf7 1/2-1/2

[Event "Open SSM Luglio"]
[Site "Milano ITA"]
[Date "2013.07.05"]
[Round "2"]
[White "Bisignano, Giuseppe"]
[Black "Pelizzola, Danilo"]
[WhiteElo "1888"]
[BlackElo "2082"]
[Result "1-0"]
[PlyCount "47"]
[EventDate "2013.07.04"]

1. e4 c5 2. Nf3 d6 3. Nc3 Nf6 4. d4 cxd4 5. Nxd4 Nc6 6. Bc4 e6 7. Bb3 Be7 8. a4
Bd7 9. O-O a6 10. Be3 Rc8 11. f4 Qc7 12. f5 Nxd4 13. Bxd4 Qa5 14. Qd3 Rc6 15.
Rae1 O-O 16. Nd5 Bd8 17. Nxf6+ Bxf6 18. Bxf6 gxf6 19. e5 exf5 20. exf6 f4 21.
Re7 Qc5+ 22. Kh1 Bf5 23. Qe2 Qd4 24. Rxf7 1-0

[Event "Open SSM Luglio"]
[Site "Milano ITA"]
[Date "2013.07.05"]
[Round "2"]
[White "Bonazzi, Edoardo"]
[Black "Pollio, Ciro"]
[WhiteElo "2082"]
[BlackElo "1736"]
[Result "1-0"]
[PlyCount "57"]
[EventDate "2013.07.04"]

1. c4 Nf6 2. g3 e6 3. Bg2 d5 4. Nf3 d4 5. e3 c5 6. exd4 cxd4 7. O-O Nc6 8. Re1
Bd6 9. d3 h6 10. Na3 a6 11. Nc2 Qb6 12. b4 Bxb4 13. Rb1 Qc5 14. Nxb4 Nxb4 15.
Ba3 a5 16. Qa4+ Qc6 17. Rxb4 axb4 18. Qxa8 bxa3 19. Qxa3 Qa6 20. Qxa6 bxa6 21.
Nxd4 Ke7 22. Nb3 Rd8 23. d4 Nd7 24. Na5 Nb8 25. Rb1 Bd7 26. Rb7 Ke8 27. c5 Rc8
28. Nc4 Ke7 29. Nb6 1-0

[Event "Open SSM Luglio"]
[Site "Milano ITA"]
[Date "2013.07.05"]
[Round "2"]
[White "Casamassima, Paolo"]
[Black "Brociner, Beniamino"]
[WhiteElo "1666"]
[BlackElo "2026"]
[Result "0-1"]
[PlyCount "48"]
[EventDate "2013.07.04"]

1. e4 c5 2. Nf3 g6 3. d4 cxd4 4. Nxd4 Bg7 5. Be3 Nc6 6. Nc3 Nf6 7. Be2 O-O 8.
O-O d5 9. exd5 Nxd5 10. Nxd5 Qxd5 11. Bf3 Qd7 12. c3 Nxd4 13. Bxd4 Bxd4 14.
cxd4 Rd8 15. d5 Qd6 16. Qb3 b6 17. Rad1 Bb7 18. Rfe1 Rac8 19. Qa4 Rc7 20. h3
Qf6 21. Qb3 Rdc8 22. Qa3 Qd6 23. Qb3 Rc5 24. Re3 24... Rc1 {cellulare} 0-1

[Event "Open SSM Luglio"]
[Site "Milano ITA"]
[Date "2013.07.05"]
[Round "2"]
[White "Cazzaniga, Walter"]
[Black "Orlando, Luigi"]
[WhiteElo "2156"]
[BlackElo "1891"]
[Result "1-0"]
[PlyCount "41"]
[EventDate "2013.07.04"]

1. d4 Nf6 2. c4 g6 3. Nc3 Bg7 4. e4 d6 5. Nf3 O-O 6. Be2 e5 7. O-O Nc6 8. d5
Ne7 9. b4 Nd7 10. a4 a6 11. Ba3 b6 12. a5 h6 13. Rc1 f5 14. Nd2 Nf6 15. axb6
cxb6 16. c5 bxc5 17. bxc5 dxc5 18. Bxc5 Nxe4 19. Ndxe4 fxe4 20. d6 Nf5 21. Qd5+
1-0